[Event "GAMMA Reykjavik Open 2019"]
[Site "Reykjavik"]
[Date "2019.04.13"]
[Round "6.6"]
[White "Thorfinnsson, Bragi"]
[Black "Grandelius, Nils"]
[Result "0-1"]
[WhiteElo "2436"]
[BlackElo "2687"]
[Annotator "TA"]
[PlyCount "78"]
[EventDate "2019.04.04"]
[EventType "swiss"]
[EventCountry "ISL"]
[SourceTitle "playchess.com"]
[Source "ChessBase"]
[SourceQuality "1"]

{[%evp 9,78,11,11,4,6,8,6,8,5,5,6,-23,-6,-14,-7,-16,0,-14,-3,-22,-16,-16,-14,-120,-102,-100,-100,-122,-87,-100,-99,-151,-140,-145,-146,-146,-102,-97,-77,-110,-101,-193,-152,-165,-195,-206,-222,-220,-199,-199,-151,-197,-192,-244,-215,-242,-256,-245,-231,-429,-308,-450,-480,-739,-708,-742,-722,-29988,-29988,-29990,-29991]} 1. e4 c5 2. Nf3 e6 3. g3 Nc6 4. Bg2 Nf6 5. Qe2 e5 6. O-O {B40: Sicilian: 2...e6, Unusual lines} Be7 7. c3 O-O 8. Na3 {The position is equal.} Re8 9. d3 d6 10. h3 Rb8 $146 ({Predecessor:} 10... h6 11. Nh2 Rb8 12. Nc4 b5 {1-0 (49) Kovalenko,I (2630)-Papin,V (2475) Ordu 2018}) 11. Nc2 b5 12. Bg5 Be6 13. Rfd1 Qc8 14. Kh2 h6 15. Bxf6 Bxf6 16. d4 (16. Ne3 $11 {keeps the balance.}) 16... exd4 $17 17. cxd4 {[#]} Bf5 $1 {[%mdl 512]} 18. dxc5 (18. exf5 Rxe2) 18... dxc5 19. Nd2 Be6 20. f4 (20. Nb3 $142) 20... Bxb2 21. Rab1 Bc3 22. e5 Bxd2 23. Rxd2 b4 ({But not} 23... Bxa2 $6 24. Rxb5 Ne7 25. Ne3 $11) 24. Ne3 Nd4 $36 {[%mdl 2048] Keeping White busy.} 25. Qd1 (25. Qf2 $17) 25... Nb5 {White must now prevent ...Nc3.} 26. Qf3 Rd8 27. Rxd8+ Qxd8 28. Rd1 Nd4 29. Qf2 Qc8 30. g4 Qc7 31. Kh1 (31. Be4 $142) 31... Rd8 32. Rc1 Qa5 33. f5 Bxa2 34. f6 $2 {[#]} (34. Qh4 {might work better.}) 34... Qa3 35. Rf1 (35. Qe1 $142 b3 36. Nc4) 35... g6 $19 36. Ra1 (36. Rd1 $142 a5 37. h4) 36... b3 37. Nc4 Qb4 38. Rxa2 bxa2 39. Qxa2 Qe1+ {Accuracy: White = 38%, Black = 76%.} 0-1

[Event "GAMMA Reykjavik Open 2019"]
[Site "Reykjavik"]
[Date "2019.04.13"]
[Round "6.7"]
[White "Yoo, Christopher Woojin"]
[Black "Parligras, Mircea-Emilian"]
[Result "0-1"]
[WhiteElo "2414"]
[BlackElo "2633"]
[Annotator "TA"]
[PlyCount "96"]
[EventDate "2019.04.04"]
[EventType "swiss"]
[EventCountry "ISL"]
[SourceTitle "playchess.com"]
[Source "ChessBase"]
[SourceQuality "1"]

{[%evp 9,96,14,12,10,57,76,58,48,66,-27,-45,-31,-25,-53,-58,-70,-80,-77,-70,-68,-73,-87,-81,-109,-109,-108,-112,-107,-85,-95,-98,-107,-106,-102,-110,-103,-108,-106,-112,-125,-123,-128,-121,-121,-121,-133,-133,-129,-134,-148,0,-121,-118,-162,-152,-302,-297,-354,-380,-582,-418,-1047,-960,-987,-420,-234,-409,-433,-428,-412,-398,-467,-464,-459,-460,-574,-574,-574,-568,-550,-525,-813,-749,-703,-626,-869,-863,-786,-770]} 1. e4 c5 2. Nf3 d6 3. Bb5+ Nd7 4. Ba4 Ngf6 5. O-O a6 {[#] Threatens to win with ...b5.} 6. c4 {B51: Sicilian: Moscow Variation (3 Bb5+) without 3...Bd7} Nxe4 (6... g6 7. Nc3 Bg7 8. d3 O-O 9. h3 b6 10. Bg5 h6 11. Be3 Bb7 {1-0 (51) Navara,D (2738)-Grandelius,N (2682) Caleta 2019}) 7. Re1 $1 {[%cal Re1e4]} Nef6 8. d4 {White is slightly better.} cxd4 9. Qxd4 $146 (9. Nxd4 $14 e6 10. Nc3) ({Predecessor:} 9. Nxd4 g6 10. Bf4 e5 11. c5 Bg7 {0-1 (30) Samolins,V (2429)-Vorobiov,E (2561) Amantea 2018}) 9... e5 $11 10. Bg5 Be7 11. Qd2 O-O 12. Bxd7 Bxd7 13. Nc3 Bc6 14. Bxf6 Bxf6 15. Rad1 Re8 16. Ne4 Re6 17. Nxf6+ Qxf6 18. Ng5 Ree8 19. Ne4 Qg6 20. f3 Rad8 21. Qf2 d5 22. cxd5 Rxd5 ({Reject} 22... Bxd5 23. Nc3 $15) 23. Rxd5 Bxd5 24. Nc3 Bc6 25. b4 Qd6 26. a3 Rd8 27. Qe3 {[#]} f6 $1 28. Rd1 Qc7 29. Rc1 Qd6 30. Rd1 Qe7 31. Re1 Qf7 32. a4 (32. Ne4 $17) 32... Qc4 $19 {And now ...Rd3 would win.} 33. Qb6 Rd4 34. Re3 (34. Ne4 $142) 34... Qxb4 35. Qc7 (35. Qxb4 $142 Rxb4 36. Rd3) 35... Rd7 36. Qc8+ Qf8 (36... Kf7 $142 37. Kf2 Rd2+ 38. Kf1 Qd4) 37. Qxf8+ Kxf8 {[%mdl 4096] Endgame KRB-KRN} 38. Re2 a5 39. Kf2 Rd4 40. Ra2 Ke7 {Black is clearly winning.} 41. Ke3 Kd6 42. Ne4+ Bxe4 43. fxe4 {KR-KR} Kc5 44. Rb2 Rb4 45. Rd2 Rxa4 46. Rd7 Ra3+ 47. Ke2 b5 48. Rxg7 h5 {Accuracy: White = 39%, Black = 76%.} 0-1

[Event "GAMMA Reykjavik Open 2019"]
[Site "Reykjavik"]
[Date "2019.04.13"]
[Round "6.8"]
[White "Astaneh Lopez, Alex"]
[Black "Petrosian, Tigran L."]
[Result "0-1"]
[WhiteElo "2427"]
[BlackElo "2605"]
[Annotator "TA"]
[PlyCount "94"]
[EventDate "2019.04.04"]
[EventType "swiss"]
[EventCountry "ISL"]
[SourceTitle "playchess.com"]
[Source "ChessBase"]
[SourceQuality "1"]

{[%evp 9,94,40,50,27,27,-19,-8,-42,-32,-44,-40,-45,-50,-37,-36,-45,-52,-60,-8,-8,-8,-8,-8,-16,-12,-16,-16,-25,-16,-33,-25,-44,-31,-42,-35,-76,-76,-76,-76,-119,-102,-105,-67,-108,-98,-114,-120,-116,-98,-96,-87,-79,-90,-83,-98,-93,-89,-175,-183,-183,-147,-140,-155,-144,-118,-248,-239,-255,-288,-350,-347,-516,-502,-395,-381,-568,-508,-4842,-1921,-10207,-29965,-6324,-5712,-5616,-5027,-2206,-1899]} 1. d4 g6 2. e4 Bg7 3. Nc3 d6 4. Be3 a6 5. f4 b5 6. a3 {B06: Modern Defence} (6. Bd3 Nd7 7. e5 c5 8. Nf3 Nh6 9. Be4 Rb8 10. dxc5 dxc5 11. h3 Bb7 12. Bxb7 Rxb7 13. g4 Qc8 {0-1 (39) Hou,Y (2658)-Nakamura,H (2777) chess.com INT 2018}) 6... Bb7 7. Nf3 Nd7 8. Bd3 {The position is equal.} c5 9. dxc5 Nxc5 10. Bxc5 {Hoping for Bf2.} Bxc3+ $1 11. bxc3 {aiming for Bd4.} dxc5 12. c4 Nf6 13. e5 $146 ({Predecessor:} 13. cxb5 Bxe4 14. Bxe4 Qxd1+ 15. Rxd1 Nxe4 16. bxa6 Rxa6 {0-1 (46) Visanescu,D (2076)-Foisor,C (2385) Targu Mures 2014}) 13... bxc4 (13... Nh5 $1 $15) 14. Bxc4 $11 Qa5+ 15. Qd2 $1 {[%cal Rd2a5]} Qxd2+ 16. Nxd2 Nd5 17. Bxd5 Bxd5 18. Kf2 Kd7 19. Rhd1 Kc6 20. g3 Rab8 21. Ke3 Be6 22. Kd3 Rhd8+ 23. Kc3 {[#]} Rd4 $1 {Strongly threatening ...Rbd8.} 24. Nf1 Rc4+ 25. Kd2 Re4 26. Re1 Rd4+ 27. Kc3 Rc4+ 28. Kd2 Rd8+ 29. Kc1 h5 30. Nd2 Ra4 31. Re4 Rxe4 32. Nxe4 $17 {[%mdl 4096] Endgame [#] KRB-KRN} h4 $1 {[%mdl 512]} 33. Kb2 (33. Ng5 $17) (33. gxh4 Rd4) 33... Bf5 $19 34. Re1 Rd4 35. Nc3 hxg3 36. hxg3 Rd2 37. Ne4 (37. Re2 $17 Rxe2 38. Nxe2) 37... Rg2 38. e6 fxe6 39. Ng5 Rxc2+ ({Weaker is} 39... Rxg3 40. Re2 $19) 40. Kb3 (40. Ka1 $142) 40... c4+ 41. Kb4 Kb6 42. Re5 {[#]} (42. a4 {keeps fighting.} a5+ 43. Ka3) 42... Rc1 $1 {And now ...a5+! would win.} 43. Ne4 {[#]} (43. g4 $142 a5+ 44. Rxa5 Rb1+ 45. Kxc4 Kxa5 46. gxf5 exf5 47. Kd5) 43... a5+ $1 44. Ka4 (44. Rxa5 Rb1+) 44... Rb1 45. g4 Bxg4 {[%cal Rg4d1] Black is clearly winning.} 46. Nc3 Rb3 47. Ne4 Rb2 {Accuracy: White = 20%, Black = 89%.} 0-1

[Event "GAMMA Reykjavik Open 2019"]
[Site "Reykjavik"]
[Date "2019.04.13"]
[Round "6.9"]
[White "Gupta, Abhijeet"]
[Black "Low, Zhen Yu Cyrus"]
[Result "1-0"]
[WhiteElo "2602"]
[BlackElo "2418"]
[Annotator "TA"]
[PlyCount "112"]
[EventDate "2019.04.04"]
[EventType "swiss"]
[EventCountry "ISL"]
[SourceTitle "playchess.com"]
[Source "ChessBase"]
[SourceQuality "1"]

{[%evp 15,112,0,0,0,53,46,43,33,19,30,45,50,55,46,83,80,92,99,96,96,144,139,130,130,130,130,143,137,134,133,164,152,170,182,180,174,169,118,127,79,197,161,167,127,128,126,122,121,120,130,151,140,151,143,138,89,154,113,216,216,224,222,220,215,224,214,227,213,247,248,355,386,1084,1297,1170,499,491,333,1170,333,1098,1054,4223,1035,29957,29959,29954,29957,29971,29973,29973,29974,29974,29975,29974,29975,29974,29974,6103]} 1. Nf3 Nf6 2. c4 e6 3. d4 d5 4. Nc3 c6 5. g3 dxc4 6. Bg2 Nbd7 7. O-O Be7 8. a4 O-O 9. a5 {E01: Catalan: Early deviations} (9. e4 a5 10. Bf4 b6 11. d5 cxd5 12. exd5 exd5 13. Nxd5 Nxd5 14. Qxd5 Ra7 15. Rfd1 Nc5 16. Qxc4 Qe8 17. Nd4 Ba6 {1-0 (40) Melkumyan,H (2670)-Paravyan,D (2634) St Petersburg 2018}) 9... c5 (9... Nd5 $11) 10. d5 $1 $14 {[%cal Rd5d6]} exd5 11. Nxd5 {White is slightly better.} Nxd5 12. Qxd5 Nf6 13. Qxd8 Rxd8 14. Ne5 Nd5 15. a6 $146 {Threatens to win with Rd1.} ({Predecessor:} 15. Nxc4 Be6 16. Ne3 Rd7 17. Nxd5 Bxd5 {½-½ (27) Wissemborski,H-Feibert,F (2315) Pirmasens 1992}) 15... Bf6 16. axb7 Bxb7 17. Nxc4 Bc6 {[#]} 18. Na5 $1 $36 {[%cal Ra5c6][%mdl 2048] White has strong initiative.} Bb5 19. Nb7 {[%mdl 64] Double Attack} Rd7 20. Nxc5 Rdd8 21. Bd2 {And now Ba5 would win.} Rab8 22. Rxa7 Bd4 23. Rc1 Bxe2 {[#]} 24. Ba5 $1 {[%cal Ra5d8]} Nb6 {Hoping for ...Bxc5.} 25. b4 {Rb7 is the strong threat.} g6 26. Rb7 (26. h3 $18) 26... Rxb7 $16 27. Nxb7 Rd7 (27... Rc8 $16 28. Rxc8+ Nxc8) 28. Nc5 Rd6 29. Re1 Bb5 30. Ne4 Rc6 31. Rd1 Be2 {[#]} 32. Nf6+ $1 {[%mdl 512]} Kg7 (32... Rxf6 33. Rxd4) 33. Ne8+ ({And not} 33. Rxd4 Rc1+ 34. Bf1 Bxf1 $11) 33... Kf8 34. Bxc6 Bxd1 35. b5 Ba4 (35... Ke7 $142) 36. Nd6 Bc5 (36... f5 $16) 37. Ne4 $18 Bd4 38. Bb4+ Kg7 39. Bc5 Bxc5 40. Nxc5 {[%mdl 4096] Endgame KBN-KBN} Kf6 41. f4 h6 42. Kf2 g5 (42... Ke7 $142 43. Nxa4 Nxa4) 43. Ke3 Bc2 $2 (43... gxf4+ 44. Kxf4 (44. gxf4 Bd1 $18) 44... Bd1 45. Nd7+ Nxd7) 44. Nd7+ Nxd7 45. Bxd7 {Black must now prevent b6. KB-KB} Ke7 46. Bg4 Kd6 $2 (46... gxf4+ 47. gxf4 Kd6) 47. Kd4 $2 (47. fxg5 hxg5 48. Bf3) 47... Ba4 $2 (47... gxf4 48. gxf4 Ba4) 48. Be2 Ke6 49. Bd3 (49. fxg5 $142 hxg5 50. h4 gxh4 51. gxh4) 49... Kd6 50. fxg5 {White mates.} hxg5 51. Ke4 Bd1 52. Kf5 g4 53. Kf6 Bf3 54. Kxf7 Ke5 55. Kg6 Kd4 56. Bf5 Kd5 {Accuracy: White = 68%, Black = 30%.} 1-0

[Event "GAMMA Reykjavik Open 2019"]
[Site "Reykjavik"]
[Date "2019.04.13"]
[Round "6.10"]
[White "Potkin, Vladimir"]
[Black "Thorfinnsson, Bjorn"]
[Result "1-0"]
[WhiteElo "2597"]
[BlackElo "2399"]
[Annotator "TA"]
[PlyCount "73"]
[EventDate "2019.04.04"]
[EventType "swiss"]
[EventCountry "ISL"]
[SourceTitle "playchess.com"]
[Source "ChessBase"]
[SourceQuality "1"]

{[%evp 13,73,27,44,37,65,50,53,47,75,78,81,74,73,81,83,82,71,79,91,66,58,66,93,98,103,102,112,123,112,58,59,45,35,42,56,32,59,59,59,58,59,42,59,59,59,59,59,18,45,22,41,0,108,108,420,438,456,466,439,454,443,435]} 1. c4 e5 2. Nc3 Nf6 3. Nf3 Nc6 4. g3 g6 5. d4 exd4 6. Nxd4 Bg7 7. Bg2 O-O {LiveBook: 105 Games} 8. Bf4 {A29: English Opening: Four Knights Variation with 4 g3} (8. O-O Re8 9. Nc2 d6 10. Qd2 a5 11. b3 Nb4 12. Bb2 Nxc2 13. Qxc2 Bf5 14. Qc1 c6 15. Qd2 Ne4 16. Nxe4 Bxb2 17. Qxb2 Bxe4 {½-½ (36) Matlakov,M (2700)-Artemiev,V (2709) St Petersburg 2018}) 8... Nxd4 9. Qxd4 d6 10. Qd2 {White is slightly better.} Be6 11. Bxb7 Rb8 12. Bg2 $146 ({Predecessor:} 12. Bd5 Nxd5 13. cxd5 Bd7 14. O-O Rb4 15. Rac1 Rd4 {½-½ (50) Horvath,D (1250)-Bennett,S (1385) IECG email 2003}) 12... Bxc4 13. O-O Ba6 14. Rac1 Bb7 15. b3 Re8 16. Rfd1 Bxg2 17. Kxg2 Qc8 18. f3 Qa6 19. e4 Rb7 20. Bg5 Re6 21. Bxf6 (21. Rc2 $16) 21... Bxf6 $14 22. Nd5 (22. Rc2 {with more complications.} c6 23. Ne2 Be5 24. Qd3 Qb6 25. Nd4) 22... c6 23. Nxf6+ Rxf6 24. Rc4 Re6 25. Qc2 Rb6 26. h4 h5 27. Rd2 c5 28. Rd5 Qb7 29. Qd2 Qe7 30. Ra4 f5 {[%cal Rf5e4]} 31. Qh6 Rb7 32. Kh3 fxe4 (32... Qf6 $1 $11 33. Rd2 (33. exf5 Qa1 $11) 33... fxe4 34. Rxe4 Rxe4 35. fxe4 Qe6+ 36. Kh2 Qxe4) 33. Rxe4 $16 {Hoping for Rxh5!} Qf7 $2 {[%mdl 8192] [#]} (33... Qf6 $16 {is more resistant.} 34. Rxd6 Rh7) 34. Rxh5 $1 $18 {[%csl Gh5][%cal Rh6h8][%mdl 512]} Qf6 {[#] ...Rxe4 is the strong threat.White is clearly winning.} (34... gxh5 35. Rxe6) 35. Qh8+ $1 {[%mdl 512]} Qxh8 36. Rxh8+ Kxh8 37. Rxe6 {Precision: White = 58%, Black = 48%.} 1-0

[Event "GAMMA Reykjavik Open 2019"]
[Site "Reykjavik"]
[Date "2019.04.13"]
[Round "6.11"]
[White "Tomazini, Zan"]
[Black "Fier, Alexandr"]
[Result "0-1"]
[WhiteElo "2390"]
[BlackElo "2570"]
[Annotator "ChessBase"]
[PlyCount "78"]
[EventDate "2019.04.04"]
[EventType "swiss"]
[EventCountry "ISL"]
[SourceTitle "playchess.com"]
[Source "ChessBase"]
[SourceQuality "1"]
[TimeControl "40/5400+30:1800+30"]

1. e4 {[%emt 0:02:24]} c5 {[%emt 0:00:00]} 2. Nf3 {[%emt 0:00:13]} Nc6 {[%emt 0:00:00]} 3. c3 {[%emt 0:00:37]} Nf6 {[%emt 0:00:00]} 4. e5 {[%emt 0:00:03]} Nd5 {[%emt 0:00:00]} 5. d4 {[%emt 0:00:04]} cxd4 {[%emt 0:00:00]} 6. cxd4 {[%emt 0:00:43]} d6 {[%emt 0:00:00]} 7. Bc4 {[%emt 0:01:10]} Nb6 {[%emt 0:00:02]} 8. Bb3 {[%emt 0:00:09]} dxe5 {[%emt 0:00:05]} 9. d5 {[%emt 0:00:05]} Na5 {[%emt 0:00:04]} 10. Nc3 {[%emt 0:00:06]} f6 {[%emt 0:00:03]} 11. O-O {[%emt 0:01:35]} Nxb3 {[%emt 0:00:06]} 12. Qxb3 {[%emt 0:04:03]} e6 {[%emt 0:00:04]} 13. dxe6 {[%emt 0:07:24]} Qd6 {[%emt 0:00:04]} 14. Nb5 {[%emt 0:06:55]} Qc6 {[%emt 0:00:06]} 15. Re1 {[%emt 0:02:03]} a6 {[%emt 0:00:04]} 16. Nbd4 {[%emt 0:07:55]} exd4 {[%emt 0:00:07]} 17. e7 {[%emt 0:00:08]} Bxe7 {[%emt 0:02:36]} 18. Bf4 {[%emt 0:01:41]} Nc4 {[%emt 0:07:42]} 19. Nxd4 {[%emt 0:05:24]} Qc5 {[%emt 0:00:43]} 20. Rac1 {[%emt 0:03:49]} b5 {[%emt 0:00:19]} 21. Qf3 {[%emt 0:02:02]} Qxd4 {[%emt 0:10:53]} 22. Qxa8 {[%emt 0:03:59]} O-O {[%emt 0:01:19]} 23. Rxe7 {[%emt 0:03:24]} Qxf4 {[%emt 0:00:04]} 24. Qd5+ {[%emt 0:10:53]} Kh8 {[%emt 0:02:08]} 25. Rd1 {[%emt 0:01:57]} h6 {[%emt 0:01:09]} 26. b3 {[%emt 0:06:29]} Ne5 {[%emt 0:00:37]} 27. h3 {[%emt 0:01:50]} Bf5 {[%emt 0:01:17]} 28. Rd4 {[%emt 0:04:24]} Qc1+ {[%emt 0:01:35]} 29. Kh2 {[%emt 0:01:40]} Qe1 {[%emt 0:03:48]} 30. Rf4 {[%emt 0:07:59]} Qb1 {[%emt 0:00:40]} 31. Ra7 {[%emt 0:03:17]} Rc8 {[%emt 0:10:09]} 32. Rxa6 {[%emt 0:09:11]} Rc1 {[%emt 0:00:32]} 33. Ra8+ {[%emt 0:00:00]} Kh7 {[%emt 0:00:04]} 34. g4 {[%emt 0:02:04]} Be6 {[%emt 0:00:43]} 35. Qb7 {[%emt 0:00:36]} Nc6 {[%emt 0:00:46]} 36. Rxf6 {[%emt 0:00:54]} Rh1+ {[%emt 0:00:06]} 37. Kg3 {[%emt 0:00:14]} Qg1+ {[%emt 0:00:05]} 38. Kf3 {[%emt 0:00:35]} Bd5+ {[%emt 0:00:12]} 39. Ke3 {[%emt 0:00:45]} Qc1+ {[%emt 0:00:07] Kd4 [%emt 00:00:08]} 0-1

[Event "GAMMA Reykjavik Open 2019"]
[Site "Reykjavik"]
[Date "2019.04.13"]
[Round "6.12"]
[White "Djukic, Nikola"]
[Black "Tania, Sachdev"]
[Result "1/2-1/2"]
[WhiteElo "2566"]
[BlackElo "2397"]
[Annotator "TA"]
[PlyCount "121"]
[EventDate "2019.04.04"]
[EventType "swiss"]
[EventCountry "ISL"]
[SourceTitle "playchess.com"]
[Source "ChessBase"]
[SourceQuality "1"]

{[%evp 20,121,26,-18,14,7,14,13,13,13,27,0,93,92,92,83,90,85,81,84,82,44,49,54,56,37,40,47,52,34,42,43,37,24,30,0,0,0,0,0,0,-8,0,0,0,0,0,-38,-13,-13,0,0,0,0,0,0,0,0,0,0,0,0,0,0,0,0,0,0,0,0,8,0,0,0,0,0,0,0,0,0,0,0,0,0,0,0,0,0,0,0,0,-39,-62,-345,8,8,8,8,0,8,8,0,0,0]} 1. e4 e5 2. Nf3 Nc6 3. Bb5 a6 4. Ba4 Nf6 5. O-O Be7 6. Re1 b5 7. Bb3 O-O 8. h3 Bb7 9. d3 d5 10. exd5 Nxd5 11. c3 Bf6 {C88: Closed Ruy Lopez: Anti-Marshall Systems} 12. Nbd2 Nf4 13. Ne4 $1 Nxd3 14. Nxf6+ gxf6 15. Re4 {[#]} (15. Re2 $5 {[%cal Rc1h6]}) 15... Nf4 $146 (15... Ne7 $11 {remains equal.} 16. Rg4+ Kh8) ({Predecessor:} 15... Nxc1 16. Rg4+ Kh8 17. Qxc1 Ne7 18. Bc2 Rg8 19. Qh6 {½-½ (31) Grischuk,A (2726)-Aronian,L (2750) Mexico City 2007}) 16. Bxf4 $16 Qxd1+ 17. Rxd1 {[#] Threatens to win with Bh6.} Na5 18. Bd5 exf4 19. Bxb7 Nxb7 20. Re7 Rac8 21. Rdd7 Nc5 22. Rxc7 Rxc7 23. Rxc7 $14 {[%mdl 4096] Endgame KRN-KRN} Nd3 24. c4 bxc4 25. Rxc4 Re8 26. b3 Re2 27. a4 Rb2 28. Nd4 Rb1+ 29. Kh2 Nxf2 {[%csl Gf2][%cal Rb1h1] [#]} 30. g4 {Threatening mate with Rc8+.} fxg3+ 31. Kxg3 Ne4+ 32. Kf4 Ng5 33. Rc8+ Kg7 34. Kg4 {Intending Nf5+ and mate.} h5+ (34... h6 {with more complications.} 35. h4 Ne6 36. Nxe6+ fxe6 37. Rc7+ Kf8) 35. Kxh5 Nxh3 36. Rc7 Ng5 37. Ra7 Rh1+ 38. Kg4 Kg6 39. Rxa6 Rd1 40. Ne2 {Strongly threatening Nf4+.} Ne6 41. Rb6 f5+ 42. Kf3 Rd3+ 43. Kf2 {And now Nf4+ would win.} Kg5 44. a5 Rd2 {...Nf4 is the strong threat.} 45. Ke1 Ra2 46. b4 f4 47. Nc3 Ra3 48. Rc6 Kg4 49. Rc4 Kg3 50. Ne2+ Kg4 51. Nc3 Kg3 52. Ne4+ Kg2 53. Rc2+ Kg1 $1 54. Rc3 Ra4 55. Rb3 Nd4 56. Rb1 $2 {[%mdl 8192]} (56. Rd3 $1 $15 Rxb4 57. Ng5) 56... Rxb4 $2 (56... Ra2 $19 {Hoping for ...f3.} 57. Kd1 f3) 57. Rxb4 $11 {The position is equal.} Nc2+ 58. Ke2 Nxb4 59. Kf3 Kf1 60. Nf2 Ke1 61. Ne4 {Accuracy: White = 58%, Black = 69%.} 1/2-1/2

[Event "GAMMA Reykjavik Open 2019"]
[Site "Reykjavik"]
[Date "2019.04.13"]
[Round "6.13"]
[White "Stefansson, Hannes"]
[Black "Van de Plassche, Bas"]
[Result "1-0"]
[WhiteElo "2558"]
[BlackElo "2376"]
[Annotator "TA"]
[PlyCount "91"]
[EventDate "2019.04.04"]
[EventType "swiss"]
[EventCountry "ISL"]
[SourceTitle "playchess.com"]
[Source "ChessBase"]
[SourceQuality "1"]

{[%evp 28,91,60,39,59,67,89,99,105,64,118,76,115,104,132,132,150,143,189,167,203,214,210,185,179,170,200,187,181,168,181,160,173,83,81,82,87,76,111,103,126,130,229,250,233,226,203,210,361,367,424,445,530,513,1051,1031,1357,1293,29985,29986,29994,29995,29995,29996,29996,29997]} 1. d4 Nf6 2. c4 c5 3. d5 e6 4. Nc3 exd5 5. cxd5 d6 6. e4 g6 7. f4 Bg7 8. Bb5+ Nfd7 9. a4 a6 10. Bd3 O-O 11. Nf3 Nf6 12. O-O Bg4 13. h3 Bxf3 14. Qxf3 Nbd7 15. Bd2 Qc7 {A67: Modern Benoni: Taimanov Variation} 16. b3 (16. Bc4 Nb6 17. b3 Nfd7 18. Rae1 Rae8 19. Qd3 Qd8 20. e5 dxe5 21. f5 e4 22. Nxe4 Bd4+ 23. Kh1 {1-0 (40) Lastin,A (2597)-Kobylkin,E (2347) Lugansk 2007}) 16... Nb6 17. a5 $146 ({Predecessor:} 17. Rac1 Qe7 18. Nd1 Rae8 19. Re1 Nfd7 20. Bc3 Bxc3 21. Rxc3 Nxd5 22. Rc2 Nb4 23. Rce2 {½-½ (58) Muenster,H-Richter,R DDR 1986}) 17... Nc8 {White is better.} 18. Kh1 Nd7 (18... Na7 $14) 19. Bc4 Re8 20. g4 b5 21. axb6 $1 {[%mdl 64] Discovered Attack} Ncxb6 22. Bxa6 c4 {[#]} 23. b4 $1 g5 24. Nb5 Qb8 25. Bc3 Bxc3 26. Nxc3 gxf4 27. Qxf4 {Threatening mate with Qg5+.} Ne5 28. Bb5 Rxa1 29. Rxa1 Re7 30. Bc6 (30. Rf1 $18 {has better winning chances.}) 30... Ra7 $16 31. Qg5+ Ng6 32. Rf1 {Hoping for e5!} Ra3 33. Qf6 $36 {[%mdl 2048] White is really pushing.} Qf8 {[#]} 34. Kg2 $1 {aiming for Nb5.} Qe7 (34... Qg7 $16 {was called for.}) 35. Qxe7 $18 Nxe7 36. Nb5 $1 {[%csl LRa3,LRd6]} Rb3 37. Be8 Rxb4 $2 (37... f5 38. gxf5 Nexd5) 38. Bxf7+ Kg7 39. Nxd6 c3 40. Ne8+ Kf8 (40... Kh8 $142 41. d6 Rb2+ 42. Kg3 Ng6 43. Bxg6 hxg6) 41. d6 {White wants to mate with Bg6+.} Rb2+ 42. Kg3 {White threatens Bh5+ and mate.} Nf5+ 43. Rxf5 {White mates.} c2 44. Bh5+ Kg8 45. Rg5+ Kf8 46. Nc7 {Accuracy: White = 76%, Black = 32%.} 1-0